Thép đã tôi thế đấy

محفوظ في:
التفاصيل البيبلوغرافية
المؤلف الرئيسي: A - Xtơ - rốp - xki Nhi - ca - lai (Tác giả)
مؤلفون آخرون: Thép Mới Huy Vân (Dịch)
التنسيق: كتاب
اللغة:Vietnamese
منشور في: H. Nxb Văn học 2002
الطبعة:Tái bản lần thứ 8
الموضوعات:
الوسوم: إضافة وسم
لا توجد وسوم, كن أول من يضع وسما على هذه التسجيلة!
Thư viện lưu trữ: Mạng thư viện Đại học Đà Nẵng
LEADER 00839nam a2200289 4500
001 000005103
003 1246
005 20110809150811.0
008 110809s2002 viesd
020 |c 78000đ 
041 0 |a vie 
100 0 |a A - Xtơ - rốp - xki Nhi - ca - lai  |e Tác giả 
245 0 |a Thép đã tôi thế đấy  |c A - Xtơ - rốp - xki Nhi - ca - lai tác giả; Thép Mới, Huy Vân dịch 
250 |a Tái bản lần thứ 8 
260 |a H.  |b Nxb Văn học  |c 2002 
300 |a 635  |c 19cm 
653 |a Văn học Nga 
653 |a Tiểu thuyết 
700 |a Thép Mới  |a Huy Vân  |e Dịch 
OWN |a LSP 
999 |a From the UDN01 
TYP |a Monograph 
TYP |a Printed language 
980 |a Mạng thư viện Đại học Đà Nẵng